00556nam a2200169 i 450000100060000000300090000600500170001500700030003200800410003510000390007624500450011526000340016030000210019485200320021599900170024795201220026428634ES-MaACL20240421063011.0t|030117s1971 sp ||||1| spa d1 aAzúa, Félix de, d1944-92436810aEdgar en Stephane / cFélix de Azúa. a[Barcelona : bLumen, c1971] a85 p. ; c19 cm. aES-MaACLjC-41603 bR.79741 c28634d28634 00104070aATENEOMbATENEOMcDEPO2d2008-01-17eSCl0oC-41603p1029565r2023-02-23 00:00:00w2023-02-23yMONOGRAFIA